| 000 | 00418nam a2200133Ia 4500 | ||
|---|---|---|---|
| 008 | 130320s9999 xx 000 0 und d | ||
| 100 | _aPriya V | ||
| 245 | _aVideo conferencing between courts and jails (Telejustice) | ||
| 502 |
_bPGDeG _c2009-2010 _dINT _fAjith Brahmanandan (NIC) _gNIC, Thiruvananthapuram |
||
| 650 | _aCOURTS | ||
| 650 | _aJAILS | ||
| 650 | _aVIDEO CONFERENCING | ||
| 650 | _aCOMMUNICATION TECHNOLOGY | ||
| 999 |
_c2847 _d2847 |
||